00782nam a22002057a 450000500170000000800410001702000150005804000070007304100120008008200210009210000150011324500420012826000410017030000300021152002640024165000160050565000100052165000280053170000170055920221227131045.0221227b ||||| |||| 00| 0 eng d a0195641043 cAL aEnglish 223a954.03bALON aAloysius G aNationalism Without a Nation in India aDelhibOxford University Pressc1997 axii,265 p.bHBc22x14 cm. aThis book is a hard-hitting sociological critique of India's nationalist historiography. The National Movement is also examined critically. Students of sociology, social anthropology, political science, and Indian history will take an interest in this volume. aNationalism aIndia aPolitics and government aALOYSIUS (G)